[Event "Pescara op"]
[Site "Pescara"]
[Date "2004.11.12"]
[Round "3"]
[White "Legnini, Lido"]
[Black "Paolini, Giuseppe"]
[Result "0-1"]
[WhiteElo "1440"]
[BlackElo "1437"]
[PlyCount "72"]
[EventDate "2004.11.11"]
[EventType "swiss"]
[EventRounds "6"]
[EventCountry "ITA"]
[SourceTitle "EXT 2005"]
[Source "ChessBase"]
[SourceDate "2004.11.15"]
[SourceVersion "1"]
[SourceVersionDate "2004.11.15"]
[SourceQuality "1"]

1. d4 d5 2. Nf3 h6 3. e3 a6 4. c4 e6 5. Nc3 Bb4 6. Ne5 Bxc3+ 7. bxc3 Nf6 8. Ba3 c6 9. Bd3 Nbd7 10. Nxd7 Bxd7 11. 0-0 dxc4 12. Bxc4 Qa5 13. Bb4 Qc7 14. Bd3 0-0-0 15. Rb1 e5 16. Qb3 Be6 17. c4 b6 18. Qb2 exd4 19. exd4 Ng4 20. g3 h5 21. c5 b5 22. a4 h4 23. axb5 Nxh2 24. bxc6 hxg3 25. Ba5 gxf2+ 26. Rxf2 Qg3+ 27. Rg2 Nf3+ 28. Kf1 Rh1+ 29. Ke2 Qxg2+ 30. Ke3 Qg5+ 31. Kxf3 Rh3+ 32. Ke2 Qg2+ 33. Kd1 Rh1+ 34. Be1 Bg4+ 35. Be2 Bxe2+ 36. Qxe2 Rxd4+ 0-1